000 00547nam a2200169 i 4500
001 189154
003 SpMaBN
005 20230906223409.0
008 190410s1923 fr |||| |dfre d
080 _a840-312.6"19"
100 1 _aLarbaud, Valéry.
_970226
245 1 0 _aA. O. Barnabooth
_b: son journal intime /
_cValery Larbaud.
250 _a10ème éd.
260 _aParis :
_bNouvelle Revue Francaise,
_c1923.
300 _a347 p. ;
_c19 cm.
852 _aES-MaACL
_jL-32309
_z. - Donat. herederos de la bibl. de Mª del Pilar Costa Palacín
999 _c189154
_d189154